| 000 | 01349cam a2200385Ia 4500 | ||
|---|---|---|---|
| 001 | 51846584 | ||
| 003 | OCoLC | ||
| 005 | 20200214141752.0 | ||
| 008 | 030312s2002 okua j 000 0 spa d | ||
| 020 | _a0746050909 | ||
| 020 | _a9780746050903 (Bd. book) | ||
| 040 |
_aBIB _cBIB _dSAP _dCZA |
||
| 041 | 1 |
_aspa _heng |
|
| 092 | _aE | ||
| 100 | 1 | _aWatt, Fiona. | |
| 240 | 1 | 0 |
_aPuppies. _lSpanish. |
| 245 | 1 | 0 |
_aPerritos / _c[texto, Fiona Watt ; ilustraciones, Rachel Wells ; traduccion, Begona Rodriguez de Cespedes]. |
| 250 | _a1. ed. en lengua espanola para Estados Unidos. | ||
| 260 |
_aTulsa, Okla. : _bEDC Pub., _c2002. |
||
| 300 |
_a1 v. (unpaged) : _bcol. ill. ; _c22 cm. |
||
| 490 | 1 | _aToca, toca! | |
| 500 | _aTitle from cover. | ||
| 500 | _aTranslation of: Puppies. | ||
| 500 | _aOn board pages. | ||
| 520 | _aEn este libro para ni©łos, las caricaturas de perritos incorporan texturas diversas. Los perritos olisquean, juegan, corren, excavan, y duermen. | ||
| 520 | _aTurn the pages and touch the feely areas of the puppy. | ||
| 650 | 0 |
_aPuppies _vJuvenile fiction. |
|
| 650 | 0 |
_aDogs _vFiction. |
|
| 650 | 1 |
_aTextures _vFiction. |
|
| 650 | 1 | _aSpanish language materials. | |
| 650 | 7 |
_aPerros _vNovela infantil. _2bidex. |
|
| 700 | 1 |
_aWells, Rachel, _eill. |
|
| 800 | 1 |
_aWatt, Fiona. _tToca, toca! |
|
| 942 |
_cBK _2ddc |
||
| 999 |
_c23867 _d23867 |
||